Small animal practice client handouts / (Record no. 172171)

MARC details
000 -LEADER
fixed length control field 00864nam a22002537a 4500
003 - CONTROL NUMBER IDENTIFIER
control field OSt
005 - DATE AND TIME OF LATEST TRANSACTION
control field 20251105081512.0
008 - FIXED-LENGTH DATA ELEMENTS--GENERAL INFORMATION
fixed length control field 250707b |||||||| |||| 00| 0 eng d
020 ## - INTERNATIONAL STANDARD BOOK NUMBER
International Standard Book Number 9781437708509 (Paperback)
040 ## - CATALOGING SOURCE
Original cataloging agency NUST
Language of cataloging eng
Transcribing agency NUST
Modifying agency NUST
Description conventions rda
050 ## - LIBRARY OF CONGRESS CALL NUMBER
Classification number SF981 MOR
100 ## - MAIN ENTRY--PERSONAL NAME
Personal name Morgan, Rhea V
Relator term Author
245 ## - TITLE STATEMENT
Title Small animal practice client handouts /
Statement of responsibility, etc. Rhea V. Morgan
260 ## - PUBLICATION, DISTRIBUTION, ETC.
Place of publication, distribution, etc. Misssouri :
Name of publisher, distributor, etc. Saunders Elsevier,
Date of publication, distribution, etc. 2011.
300 ## - PHYSICAL DESCRIPTION
Extent xcv, 496 pages :
Dimensions 28 cm.
336 ## - CONTENT TYPE
Source rdamedia
Content type term text
Content type code txt
337 ## - MEDIA TYPE
Source rdamedia
Media type term unmediated
Media type code n
338 ## - CARRIER TYPE
Source rdamedia
Carrier type term volume
Carrier type code nc
504 ## - BIBLIOGRAPHY, ETC. NOTE
Bibliography, etc. note Includes bibliographical references and index.
650 ## - SUBJECT ADDED ENTRY--TOPICAL TERM
Form subdivision PETS General.
650 ## - SUBJECT ADDED ENTRY--TOPICAL TERM
Form subdivision MEDICAL Veterinary Medicine Small Animal.
650 ## - SUBJECT ADDED ENTRY--TOPICAL TERM
Form subdivision MEDICAL Veterinary Medicine General.
942 ## - ADDED ENTRY ELEMENTS (KOHA)
Source of classification or shelving scheme Library of Congress Classification
Koha item type Ordinary Loan Books
Classification part SF981 MOR
Call number prefix SF
Call number suffix MOR
Suppress in OPAC No
Holdings
Withdrawn status Lost status Source of classification or shelving scheme Damaged status Not for loan Collection Home library Current library Shelving location Date acquired Source of acquisition Cost, normal purchase price Total Checkouts Full call number Barcode Date last seen Accession number Cost, replacement price Price effective from Koha item type Public note
    LCC     NFIC MEDICAL MEDICAL GEN 07/07/2025 Book Aid International 83.00   SF981 MOR 92004056218 07/07/2025 63005 83.00 07/07/2025 BOOKS Donation